SC Freiburg: Alle Torschützen der 2010er - Statistiken

Allgemein
  • Dieses Quiz wurde 150 mal gespielt
  • Das Durchschnittsergebnis liegt bei 23 aus 53
Antwortstatistiken
Pos. Nat. Spieler % Korrekt
MIT ITA Vincenzo Grifo
98%
ST GER Nils Petersen
93%
VER GER Christian Günter
92%
VER GER Matthias Ginter
89%
ST HUN Roland Sallai
88%
ST SEN Papiss Demba Cisse
84%
ST GER Lucas Höler
80%
MIT FRA Jonathan Schmid
79%
MIT GER Nicolas Höfler
79%
MIT ALB Amir Abrashi
60%
MIT SUI Admir Mehmedi
59%
ST GER Max Kruse
58%
VER TUR Caglar Soyüncü
56%
MIT GER Julian Schuster
53%
ST GER Luca Waldschmidt
52%
VER GER Manuel Gulde
52%
ST GER Maximilian Philipp
51%
ST GER Florian Niederlechner
49%
VER CZE Pavel Krmas
49%
MIT COD Cedric Makiadi
47%
VER GER Oliver Sorg
47%
MIT CZE Vladimir Darida
46%
MIT GER Janik Haberer
45%
ST SVK Karim Guede
44%
MIT KOR Chang-Hoon Kwon
42%
MIT ITA Daniel Caligiuri
41%
MIT GER Johannes Flum
38%
MIT GER Mike Frantz
38%
VER GER Marc-Oliver Kempf
35%
VER BIH Mensur Mujdza
35%
VER GER Robin Koch
35%
VER GER Dominique Heintz
32%
MIT GER Jan Rosenthal
32%
ST GER Tim Kleindienst
32%
ST AUT Philipp Zulechner
26%
MIT SUI Gelson Fernandes
25%
MIT GER Marco Terrazzino
25%
VER SEN Fallou Diagne
24%
MIT GER Felix Klaus
24%
VER GER Pascal Stenzel
24%
ST GER Mike Hanke
22%
ST SVK Erik Jendrisek
21%
VER GER Heiko Butscher
21%
VER GER Immanuel Höhn
21%
ST GER Sebastian Freis
21%
ST CRO Ivan Santini
18%
MIT GER Sebastian Kerk
18%
ST GER Stefan Reisinger
18%
MIT POL Bartosz Kapustka
16%
MIT GER Jerome Gondorf
16%
ST MLI Garra Dembele
15%
VER GER Oliver Barth
12%
MIT GER Florian Kath
8%
Keine übereinstimmenden Quizze gefunden
Verteilung der Resultate
Anzahl Personen mit jedem Resultat
Perzentil nach korrekt beantworteten Fragen
Ihre Resultats-Entwicklung
Sie haben dieses Quiz noch nicht gespielt